<?xml version="1.0" encoding="UTF-8"?><?xml-stylesheet type="text/xsl" href="static/style.xsl"?><OAI-PMH xmlns="http://www.openarchives.org/OAI/2.0/" xmlns:xsi="http://www.w3.org/2001/XMLSchema-instance" xsi:schemaLocation="http://www.openarchives.org/OAI/2.0/ http://www.openarchives.org/OAI/2.0/OAI-PMH.xsd"><responseDate>2026-04-17T18:52:45Z</responseDate><request verb="GetRecord" identifier="oai:www.recercat.cat:20.500.12328/1231" metadataPrefix="marc">https://recercat.cat/oai/request</request><GetRecord><record><header><identifier>oai:recercat.cat:20.500.12328/1231</identifier><datestamp>2025-05-16T12:59:41Z</datestamp><setSpec>com_2072_67741</setSpec><setSpec>col_2072_484352</setSpec></header><metadata><record xmlns="http://www.loc.gov/MARC21/slim" xmlns:dcterms="http://purl.org/dc/terms/" xmlns:xsi="http://www.w3.org/2001/XMLSchema-instance" xmlns:doc="http://www.lyncode.com/xoai" xsi:schemaLocation="http://www.loc.gov/MARC21/slim http://www.loc.gov/standards/marcxml/schema/MARC21slim.xsd">
   <leader>00925njm 22002777a 4500</leader>
   <datafield ind2=" " ind1=" " tag="042">
      <subfield code="a">dc</subfield>
   </datafield>
   <datafield ind2=" " ind1=" " tag="720">
      <subfield code="a">Bosch , Magdalena</subfield>
      <subfield code="e">author</subfield>
   </datafield>
   <datafield ind2=" " ind1=" " tag="720">
      <subfield code="a">Baró Queralt, Xavier</subfield>
      <subfield code="e">author</subfield>
   </datafield>
   <datafield ind2=" " ind1=" " tag="260">
      <subfield code="c">2018-11</subfield>
   </datafield>
   <datafield ind2=" " ind1=" " tag="520">
      <subfield code="a">El propósito de este artículo es examinar una desconocida contribución al concepto moderno de retórica: la insólita difusión de la Retórica de Cipriano Suárez desde 1562 hasta 1836. Este análisis desmiente algunos mitos, tales como la supuesta desaparición de Aristóteles de la cultura moderna o la sustitución de la imitatio por la inventio. Para conseguir este objetivo es necesario estudiar, complementariamente, los elementos historiográficos y filosóficos implicados. Revisamos los factores históricos más decisivos: el lugar que ocupó el texto de Suárez en la Ratio Studiorum de la Compañía de Jesús, la génesis de la Ratio y el impacto decisivo que tuvo en su contexto cultural. A la vez, analizamos los aspectos filosóficos clave de los textos de Aristóteles y de Suárez, donde vemos las ideas similares sobre Retórica y las diferencias prácticas que se ponen en evidencia.</subfield>
   </datafield>
   <datafield ind2=" " ind1=" " tag="520">
      <subfield code="a">The aim of this article is to examine an unrecognized contribution to the modern concept of rhetoric: the widespread dissemination of the Rhetoric by Cipriano Suález from 1562 to 1836. This analysis dispels some myths, such as the supposed disappearance of Aristotle from modern culture or the shift from imitatio to inventio. To achieve this objective, elements of complementary, historiographical and philosophical research are all required. As such we review in depth the most decisive historical factors: the place that the Suárez text occupied in the Ratio Studiorum of the Society of Jesus, the genesis of the Ratio, and its decisive impact on the cultural context in which it developed. Additionally, we analyze the key philosophical aspects of the texts of both Aristotle and Suárez: their similar ideas on rhetoric, its purpose, and the differences that arose in practice.</subfield>
   </datafield>
   <datafield ind1="8" ind2=" " tag="024">
      <subfield code="a">Bosch Rabell, Magdalena; Baró Queralt, Xavier. «El nacimiento de la Retórica Moderna a través de Cipriano de Suárez (1524-1593)». Comprendre: Revista catalana de filosofia, 2018, vol. 20, núm. 2, p. 45-60. Disponible en: &lt;https://www.raco.cat/index.php/Comprendre/article/view/343166>. Fecha de acceso: 18 sept. 2019</subfield>
   </datafield>
   <datafield ind1="8" ind2=" " tag="024">
      <subfield code="a">1139-9759</subfield>
   </datafield>
   <datafield ind1="8" ind2=" " tag="024">
      <subfield code="a">http://hdl.handle.net/20.500.12328/1231</subfield>
   </datafield>
   <datafield tag="653" ind2=" " ind1=" ">
      <subfield code="a">Retòrica</subfield>
   </datafield>
   <datafield tag="653" ind2=" " ind1=" ">
      <subfield code="a">Rhetoric</subfield>
   </datafield>
   <datafield tag="653" ind2=" " ind1=" ">
      <subfield code="a">Retórica</subfield>
   </datafield>
   <datafield tag="653" ind2=" " ind1=" ">
      <subfield code="a">Aristóteles</subfield>
   </datafield>
   <datafield tag="653" ind2=" " ind1=" ">
      <subfield code="a">Aristòtil, 384 aC-322 aC</subfield>
   </datafield>
   <datafield tag="653" ind2=" " ind1=" ">
      <subfield code="a">Renaixement</subfield>
   </datafield>
   <datafield tag="653" ind2=" " ind1=" ">
      <subfield code="a">Renaissance</subfield>
   </datafield>
   <datafield tag="653" ind2=" " ind1=" ">
      <subfield code="a">Renacimiento</subfield>
   </datafield>
   <datafield tag="653" ind2=" " ind1=" ">
      <subfield code="a">Suárez, Cipriano, 1524-1593</subfield>
   </datafield>
   <datafield ind2="0" ind1="0" tag="245">
      <subfield code="a">El nacimiento de la Retórica Moderna a través de Cipriano de Suárez (1524-1593)</subfield>
   </datafield>
</record></metadata></record></GetRecord></OAI-PMH>